Sprache im US-Wahlkampf. US-Wahlsystem und die daraus resultierende Polarisierung

Politický jazyk republikánov a demokratov počas prezidentských volieb v roku 2016. Jazyková analýza na jednotlivých príkladoch rétoriky Donalda Trumpa, ktorá ovplyvnila dôveru ľudí v daných voľbách.

Enregistré dans:
Détails bibliographiques
Auteur principal: Adamcová, Silvia, 1984-
Format: Chapitre de livre
Langue:allemand
Sujets:
Tags: Ajouter un tag
Pas de tags, Soyez le premier à ajouter un tag!

MARC

LEADER 00000naa$a2200000$$$4500
001 0246415
005 20240502083658.2
041 0 |a ger 
044 |a DE 
245 1 0 |a Sprache im US-Wahlkampf. US-Wahlsystem und die daraus resultierende Polarisierung 
520 |a Politický jazyk republikánov a demokratov počas prezidentských volieb v roku 2016. Jazyková analýza na jednotlivých príkladoch rétoriky Donalda Trumpa, ktorá ovplyvnila dôveru ľudí v daných voľbách. 
610 2 0 |a jazykoveda 
610 2 0 |a rétorika 
610 2 0 |a voľby 
610 2 0 |a kampane volebné 
610 2 0 |a USA 
100 1 |a Adamcová, Silvia, 1984-